01216pab a2200193 454500008004000000100002300040245007600063260000900139300001500148362000800163520061800171650002500789650001800814773005100832908000600883909001000889999001700899952010600916180718b2011 xxu||||| |||| 00| 0 eng d aSalerno, Giulio M. aImplementation and revision of the Italian constitution since the 1990s c2011 ap.114-122. aJan aThis article describes the evolution of the Italian Constitution since 1990. A distinction is made between a "rigid" Constitution and an applied or "living" Constitution. Laws that have constitutional status and their limits are also examined. Moreover, the changing destiny of the various "seasons of reform" of the Constitution and the long road towards the "implemental" integration of the Constitution is also discussed. Finally, the role of the Constitutional Court in relation to the Constitution and as the "guarantor of the constitutional conformity" of the entire legal system is explained. - Reproduced. aItaly - Constitution aConstitutions aInternational Journal of Public Administration aN a96626 c96626d96626 00104070aIIPAbIIPAd2018-07-19hVolume no: 34, Issue no: 1-2pAR97086r2018-07-19w2018-07-19yAR